Rechnungen aus der zeit Setis I (circa 1350 v. Chr.) : mit anderen rechnungen des neuen reiches /

Bibliographic Details
Main Author: Spiegelberg, Wilhelm, 1870-1930
Format: Book
Language:German
Egyptian
Published: Strassburg : K. J. Trübner, 1896.
Subjects:

MARC

Tag First Indicator Second Indicator Subfields
LEADER 00000cam a2200000 4500
001 in00000975721
005 20150927111531.0
008 800916s1896 gw a 00010 ger d
035 |a (OCoLC)06715981 
035 |9 AEW1707AM 
040 |a CLE  |c CLE  |d TXA  |d UtOrBLW 
041 0 |a ger  |a egy 
049 |a TXAM 
090 |a PJ1650  |b .S64 1896 
092 |a 403.69  |b P199s 
100 1 |a Spiegelberg, Wilhelm,  |d 1870-1930. 
245 1 0 |a Rechnungen aus der zeit Setis I (circa 1350 v. Chr.) :  |b mit anderen rechnungen des neuen reiches /  |c hrsg. und erklärt von Wilhelm Spiegelberg. 
264 1 |a Strassburg :  |b K. J. Trübner,  |c 1896. 
300 |a 2 volumes :  |b illustrations ;  |c 43 cm. 
336 |a text  |b txt  |2 rdacontent 
337 |a unmediated  |b n  |2 rdamedia 
338 |a volume  |b nc  |2 rdacarrier 
505 0 |a [v. 1.] Texts -- [v. 2.] Plates. 
650 0 |a Egyptian language  |v Papyri. 
730 0 |a Papyrus Rollin. 
999 |a MARS 
999 f f |s 562826e1-4fe1-3803-876f-0b2aa965874e  |i f8c46523-40e3-3045-90bd-dbc2bbab7e16  |t 0 
952 f f |p ric  |a Texas A&M University  |b Rellis Campus  |c Joint Library Facility  |d Remote Storage  |t 0  |e PJ1650 .S64 1896  |f Oversize  |h Library of Congress classification  |i unmediated -- volume  |k v.2  |m A14814037765 
952 f f |p ric  |a Texas A&M University  |b Rellis Campus  |c Joint Library Facility  |d Remote Storage  |t 0  |e PJ1650 .S64 1896  |f Oversize  |h Library of Congress classification  |i unmediated -- volume  |k v.1  |m A14814037757 
998 f f |a PJ1650 .S64 1896  |s v.1-v.2  |t 0  |l Remote Storage